000 00377nam a2200157Ia 4500
008 230917s9999||||xx |||||||||||||| ||und||
020 _cRS250
040 _e33985
_aMAIN
041 _aEnglish
082 _a006.7 L959M
100 _aLozano, Jose
245 0 _aMultimedia sound and video
260 _aNew Delhi
_bPrentice-Hall
_c1998
300 _axi, 192 p.
942 _cBK
999 _c112227
_d112227